| 000 | 00450nam a2200181Ia 4500 | ||
|---|---|---|---|
| 005 | 20250526115819.0 | ||
| 008 | 240825s9999 xx 000 0 und d | ||
| 020 |
_a9788183281379 _qpbk |
||
| 041 | _aeng | ||
| 082 | _a823.92 KIN | ||
| 100 | _aKinger, Rachit | ||
| 245 | 0 |
_aZapp _c/Rachit Kinger; |
|
| 250 | _a1st ed. | ||
| 260 |
_bWisdom Tree, _c2009. _aNew Delhi: |
||
| 300 |
_a115 p. : _c18cm. |
||
| 650 | _aEnglish Fiction | ||
| 942 | _cENGLISH | ||
| 999 |
_c541485 _d541485 |
||